000
00262nam a2200121Ia 4500
100
_a
None
942
_c
BK
654
_a
Advanced D Base IV
245
_a
Advanced D Base IV
260
_b
Apple Education
_a
Bombay
_c
1990
300
_a
587
546
_a
ENGLISH
999
_c
18187
_d
18187